01885nam a2200409 i 4500003000900000005001700009007000300026008004100029020001500070040003000085041000800115082003200123100006500155245026600220250002200486264010000508300004500608336002700653337003300680338002800713500002200741590002700763650004000790650003400830650003300864700008100897700004300978700005501021700004501076700004801121700004801169700004901217910001401266942001401280952016401294999001701458DO-SdBNP20250724075847.0ta090929s1981 dr a 000 0 spa d a9993430463 aDO-SdBNPbspacBNPHUerda aspa 4a598.297293bD638g, 20022221 aStockton de Dod, Annabelle. d1913-1997.eautor4aut.92394810aGuía de campo para las aves de la República Dominicana /cAnnabelle Stockton de Dod ; prólogo de la segunda edición, Fernando Luna Calderón ; ilustraciones, Angus Nater, Laura Rathe de Cambiaso, José Osorio, Bárbara Roques, Luis Marión H. y otro aSegunda edición 1aSanto Domingo :bPublicaciones del Banco Central, bMuseo Nacional de Historia Natural, c2002. a252 páginas :bilustraciones ;c23 cm. atextobtxt2rdacontent asin mediaciónbn2rdamedia avolumenbnc2rdacarrier aIncluye índice. aInventariado, 2025/ YL 4aAveszRepública Dominicana923949 4aAvesxIdentificación923950 4aAvesxClasificación9239511 aLuna Calderón, Fernando ,eprologuista de la segunda edición4pr.9239521 aNater, Angus, eilustrador4il.9239521 aRathe de Cambiaso, Laura, eilustrador4il.9870571 aOsorio, José, eilustrador4il.9239781 aRoques, Bárbara, eilustrador4il.9883411 aMarión H., Luis, eilustrador4il.9883421 aSánchez, Héctor,eilustrador4il.922701 aYLockward 2ddccLBS1 00102ddc51708PDaBNPHUbBNPHUcCTd2024-11-25eDonado por José Miguel Prietol0oBNPHU PD 598.297293 D638g, 2002p2025-6468r2025-07-14w2025-07-14yLBS1 c59519d59519